01517nam a2200241Ia 4500001000600000003000900006008004100015040001300056040001300069041001300082100002500095100002900120245005500149245005600204250001100260260001100271260001200282260004600294300005600340500082300396650002501219650003101244D1464IT-RoPAU130308s9999 xx 000 0 und d aIT-RoPAU cIT-RoPAU aITALIANO aMichelstaedter Carlo gCodice Aut. SPICS: 43829 aPersuasione e la retorica (La). Appendici critiche bPersuasione e la Rettorica (La). Appendici Critiche a2a ed. aMILANO bAdelphi c1995 [1° Ed.:1913 - Ed.Ling.Originale:0] a"410 p. (prefazione: 18; testo: 392 [pagine: 0-0])" aIntroduzione e cura del Volume di Sergio Campailla. della Persuasione: Illusione della Persuasione, via Alla Persuasione. della Retorica: un Esempio Storico, costituzione della Retorica, Retorica della Vita: Singolo nella Società, Organi Assimilatori. Appendici Critiche: 1. Modi della significazione Sufficiente: Diretto, Congiunto, Correlativo e Imperativo. 2. Note Alla Triste Istoria che viene Narrata a Pag 66 e Seg.: Abbandono della via Socratica, Macrocosmo, Riflesso del Sole, Decadenza e Discepolo. 3. proiezione della Mente D'Aristotele Sui Modi della Significazione. 4. della Composizione della Retorica D'Aristotele. 5. La Retorica D'Aristotele e Il Fedro di Platone. 6. della Dialettica e della Retorica. Lunga Serie di Note Sulle Due Parti del Volume: Persuasione e Retorica e Sulle Appendici Critiche. aSAGGI DI LINGUISTICA eCodice materia Spics: 3207